000 00364nam a22001337a 4500
008 260211b ||||| |||| 00| 0 eng d
020 _a9788858341209
041 _aital
080 _a3.2
100 _a20
101 _aital
245 _aIL CELI 2 Dell universita per stranieri di Perugia
_cLuisa Aglini, Daniela Alessandroni , Roberta Rondoni
942 _2udc
_cBK
999 _c60784
_d60784